Painting colour history
Descripción Física:
full plegat : il·lustracions en color ; 34 x 25 cm
Idioma:
Catalán , English
MARC
| LEADER | 00000nam a2200000 a 4500 | ||
|---|---|---|---|
| 001 | 29246 | ||
| 003 | AGDB | ||
| 005 | 20260324181545.0 | ||
| 008 | 260119b spa||||| |||| 00| 0 cat d | ||
| 040 | |a agdb |b cat | ||
| 041 | |a eng | ||
| 245 | |a Painting colour history | ||
| 260 | |a New York : |b Albert Skira, |c [1949] | ||
| 300 | |a full plegat : |b il·lustracions en color ; |c 34 x 25 cm | ||
| 500 | |a Prové del fons Joan Junyer i Pascual (1909-1994) | ||
| 650 | |a Fons Joan Junyer i Pascual (1909-1994) |9 72777 | ||
| 650 | 0 | |a Art modern |9 72445 | |
| 710 | |a Curt Valentin Gallery (Nova York, Nova York) |9 72435 |e entitat editora | ||
| 942 | |2 udc |c ARXIU |n 1 | ||
| 952 | |0 0 |1 0 |2 udc |4 0 |6 F504376 |7 1 |9 98972 |a Arxiu |b Arxiu |d 2026-01-19 |h 1976 (núm. 83) |l 0 |o F-504-376 |p 29246 |r 2026-01-19 10:06:58 |w 2026-01-19 |y ARXIU | ||
| 999 | |c 130640 |d 130640 | ||